01130nam a22001097a 4500008004100000100005500041245010200096260003100198300003100229520072800260773003200988210129b ||||| |||| 00| 0 eng d aDorantes, Catalina , Amuedo. Bucheli and Jose, R.  aA look Ahead at the 2020 US elections: The role of candidate diversity in political participation aAEA Papers and Proceedings a 110, May, 2020: p.436-441 aAn increasingly diverse population in the United States has given rise to a growing body of literature that analyzes the causes and consequences of descriptive representation. Using individual-level representative data on registration and voting for the entire United States over the 2008–2018 decade, we find that diversity in the candidate pool promotes the registration and voting of eligible-to-vote individuals, particularly those belonging to the youngest generations of voters, those located in swing states, and growing minorities, as in the case of Hispanic voters. Given the changing electorate, increasing candidate diversity might prove crucial in promoting political and electoral engagement. – Reproduced  aAEA Papers and Proceedings